|
|
|
|
| LEADER |
01248nam a22003132a 4500 |
| 001 |
000744895 |
| 003 |
CZ BrMZK |
| 005 |
20141218094611.0 |
| 007 |
ta |
| 008 |
041020s1963 xr a er|||||||||||cze d |
| 015 |
|
|
|a cnb000475532
|
| 035 |
|
|
|a (OCoLC)42109975
|
| 040 |
|
|
|a ABA001
|b cze
|c PNA001
|d ABA001
|d BOA001
|
| 080 |
9 |
|
|a 885-93-311.8:908.892
|
| 080 |
9 |
|
|a 39(=98)
|
| 100 |
1 |
|
|a Šustr, Vladimír,
|d 1913-1987
|7 jk01131762
|4 aut
|
| 245 |
1 |
0 |
|a Dobrodružství malého Indiána /
|c Vladimír Šustr ; ilustroval Vladimír Kovářík
|
| 250 |
|
|
|a 2. vyd.
|
| 260 |
|
|
|a Praha :
|b Státní nakladatelství dětské knihy,
|c 1963
|
| 300 |
|
|
|a 217, [5] s. :
|b il. ;
|c 8°
|
| 500 |
|
|
|a 20001-35000 výt.
|
| 500 |
|
|
|a Vysvětl. cizích a méně známých slov
|
| 500 |
|
|
|a Obálka a vazba ilustrátora
|
| 521 |
8 |
|
|a Pro čtenáře od 12 let
|
| 856 |
4 |
1 |
|u http://www.digitalniknihovna.cz/mzk/uuid/uuid:e13dd0d0-43d4-11e4-aded-005056827e51
|y Digitalizovaný dokument
|x NDK
|
| 910 |
|
|
|a BOA001
|b PK-0014.057-63
|b 2-0363.376-63
|
| 990 |
|
|
|a BK
|
| 996 |
6 |
|
|b 2619160913
|c 2-0363.376-63
|l MZK
|r Sklad / do 24 hodin
|n 0
|w 000744895
|u 000020
|a 1
|e BOA001
|j MZK50
|s P
|
| 996 |
7 |
|
|b 3119646035
|c PK-0014.057-63
|l MZK
|r Sklad / do 1 hodiny
|n 2
|w 000744895
|u 000010
|a 1
|e BOA001
|j MZK50
|s A
|